झेप अवकाशी अग्निपक्ष्याची डॉ. अब्दुल कलाम यांची जीवनकथा. (Record no. 276644)

MARC details
000 -LEADER
fixed length control field 00905nam a2200181Ia 4500
008 - FIXED-LENGTH DATA ELEMENTS--GENERAL INFORMATION
fixed length control field 090630s9999 xx 000 0 und d
082 ## - DEWEY DECIMAL CLASSIFICATION NUMBER
Item number 24788
100 ## - MAIN ENTRY--PERSONAL NAME
Personal name इंगळे व. न.
245 ## - TITLE STATEMENT
Title झेप अवकाशी अग्निपक्ष्याची डॉ. अब्दुल कलाम यांची जीवनकथा.
Statement of responsibility, etc इंगळे व. न.
260 ## - PUBLICATION, DISTRIBUTION, ETC. (IMPRINT)
Name of publisher, distributor, etc साकेत - औरंगाबाद.
300 ## - PHYSICAL DESCRIPTION
Extent 0
600 ## - SUBJECT ADDED ENTRY--PERSONAL NAME
Personal name इंगळे व. न.
630 ## - SUBJECT ADDED ENTRY--UNIFORM TITLE
Uniform title झेप अवकाशी अग्निपक्ष्याची डॉ. अब्दुल कलाम यांची जीवनकथा.
655 ## - INDEX TERM--GENRE/FORM
Genre/form data or focus term ---
700 ## - ADDED ENTRY--PERSONAL NAME
Personal name इंगळे व. न.
730 ## - ADDED ENTRY--UNIFORM TITLE
Uniform title झेप अवकाशी अग्निपक्ष्याची डॉ. अब्दुल कलाम यांची जीवनकथा.
942 ## - ADDED ENTRY ELEMENTS (KOHA)
Koha item type Book
Holdings
Withdrawn status Lost status Damaged status Not for loan Home library Current library Date acquired Cost, normal purchase price Total Checkouts Full call number Barcode Date last seen Cost, replacement price Price effective from Koha item type
        Sarvajanik Wachanalaya Shrivardhan Sarvajanik Wachanalaya Shrivardhan 04/06/2006 200.00   24788 SAWASHRI-24788 06/30/2009 200.00 06/30/2009 Book